Nỗi bất hạnh khủng khiếp

Salvato in:
Dettagli Bibliografici
Autore principale: Agatha Christie
Natura: Libro
Lingua:Undetermined
Pubblicazione: H. CAND 2003
Soggetti:
Tags: Aggiungi Tag
Nessun Tag, puoi essere il primo ad aggiungerne! !
Thư viện lưu trữ: Trung tâm Học liệu Trường Đại học Cần Thơ
LEADER 00558nam a2200193Ia 4500
001 CTU_58304
008 210402s9999 xx 000 0 und d
020 |b 25000 
082 |a 823.9 
082 |b C555 
100 |a Agatha Christie 
245 0 |a Nỗi bất hạnh khủng khiếp 
245 0 |c Agatha Christie; Lê Quốc Hưng biên dịch 
260 |a H. 
260 |b CAND 
260 |c 2003 
650 |a detective and mystery stories, english ( vietnamese ) 
904 |i Minh 
980 |a Trung tâm Học liệu Trường Đại học Cần Thơ